François Civil - Mort subite - Statistiques

Statistiques générales
  • Ce quiz a été pris 225 fois
  • Le résultat moyen est 6 sur 11
Answers on the Grid
Answers color-coded by a green-red scale on the quiz's grid according to % correct below.
Bac Nord
Five
En corps
L'arnacoeur
Fatal
Bis
Mon inconnue
Deux moi
L'amour ouf
Une intime conviction
Mon bébé
Pas de vagues
I love Peru
Nous finirons ensemble
Portrait de la jeune fille en feu
Les trois mousquetaires
Le règne animal
Fonzy
Vingt ans d'écart
En fanfare
 
Statistiques - réponses
Réponse % Correct
L'amour ouf
88%
Les trois mousquetaires
88%
Bac Nord
87%
Five
86%
Mon inconnue
70%
Deux moi
60%
Pas de vagues
43%
En corps
35%
I love Peru
25%
Vingt ans d'écart
19%
Fonzy
11%
Aucun quiz correspondant
Distribution des résultats
% des personnes avec chaque résultat
Percentile par nombre de réponses
Votre historique - résultats
Vous n’avez pas pris ce quiz